[Event "Morava-ch U16"]
[Site "Havirov"]
[Date "2008.10.27"]
[Round "6"]
[White "Galdia, Jan"]
[Black "Jekl, Jan"]
[Result "1-0"]
[WhiteElo "1350"]
[BlackElo "1262"]
[PlyCount "87"]
[EventDate "2008.10.25"]
[EventType "swiss"]
[EventRounds "9"]
[EventCountry "CZE"]
[SourceTitle "EXT 2009"]
[Source "ChessBase"]
[SourceDate "2008.11.26"]
[SourceVersion "1"]
[SourceVersionDate "2008.11.26"]
[SourceQuality "1"]

1. Nf3 Nc6 2. g3 e5 3. Bg2 Nf6 4. 0-0 Be7 5. d4 exd4 6. Nxd4 0-0 7. Nxc6 dxc6 8. Qxd8 Rxd8 9. Nc3 Bf5 10. e4 Bg6 11. f4 Ng4 12. Bf3 Bc5+ 13. Kg2 Ne3+ 14. Bxe3 Bxe3 15. Rad1 a6 16. f5 Bxf5 17. exf5 Kf8 18. Rxd8+ Rxd8 19. Rd1 Rxd1 20. Nxd1 Bc5 21. Kf1 Ke7 22. Nc3 b6 23. Bxc6 Kd6 24. Bf3 Ke5 25. g4 f6 26. Ke2 Kd4 27. Ne4 a5 28. Nxc5 Kxc5 29. Kd3 b5 30. a3 b4 31. axb4+ axb4 32. c3 h6 33. cxb4+ Kxb4 34. Bd5 c5 35. b3 Kb5 36. Kc3 Kb6 37. Kc4 Kc7 38. Kxc5 Kb8 39. b4 h5 40. gxh5 g6 41. hxg6 Kc7 42. g7 Kd8 43. g8Q+ Kd7 44. Bc6+ 1-0